अतिथि/ (Record no. 208071)
[ view plain ]
| 000 -LEADER | |
|---|---|
| fixed length control field | 00782nam a22001817a 4500 |
| 005 - DATE AND TIME OF LATEST TRANSACTION | |
| control field | 20250106165607.0 |
| 010 ## - LCCN (DPL NO) | |
| LC control number | HIN-129120 |
| 020 ## - INTERNATIONAL STANDARD BOOK NUMBER | |
| International Standard Book Number | 9789384046330 |
| Terms of availability | 350.00 |
| 035 ## - SYSTEM CONTROL NUMBER | |
| System control number | HN-101466 |
| 037 ## - SOURCE OF ACQUISITION | |
| Source of stock number/acquisition | DBAD |
| 082 ## - DEWEY DECIMAL CLASSIFICATION NUMBER | |
| Classification number | क |
| 100 ## - MAIN ENTRY--PERSONAL NAME | |
| Personal name | टैगोर, रवीन्द्रनाथ |
| 245 ## - TITLE STATEMENT | |
| Title | अतिथि/ |
| Statement of responsibility, etc | रवीन्द्रनाथ टैगोर |
| 260 ## - PUBLICATION, DISTRIBUTION, ETC. (IMPRINT) | |
| Place of publication, distribution, etc | दिल्ली |
| Name of publisher, distributor, etc | सोरभ प्रकाशन |
| Date of publication, distribution, etc | 2019 |
| 270 ## - ADDRESS | |
| Address | जी-1/157 मेन 25 फुटा रोड पांचवा पुस्ता (नियर टोल टेक्स) सोनिया बिहार |
| City | दिल्ली |
| Postal code | 110090 |
| 300 ## - PHYSICAL DESCRIPTION | |
| Extent | 144पृ. |
| Dimensions | 22सेमी (सजिल्द) |
| 942 ## - ADDED ENTRY ELEMENTS (KOHA) | |
| Source of classification or shelving scheme | Dewey Decimal Classification |
| Item type | Hindi Books |
| Classification part | क |
| Call number suffix | टैगोर |
| Withdrawn status | Lost status | Not for loan | Collection code | Home library | Current library | Date acquired | Source of acquisition | Cost, normal purchase price | Full call number | Barcode | Copy number | Cost, replacement price | Koha item type |
|---|---|---|---|---|---|---|---|---|---|---|---|---|---|
| Fiction | Sarojini Nagar | Sarojini Nagar | 06/01/2025 | DBAD | 350.00 | क टैगोर | HN-101466 | 1 | 350.00 | Hindi Books |
